000 01545cam a22003611i 4500
003 SA-RiAUC
005 20240924140657.0
008 240918s1986 ti g b 000 0dara c
040 _aSA-RiAUC
_bara
_cSA-RiAUC
_erda
050 4 _bA37 1986
082 0 4 _a258.3
_qSA-RiAUC
090 _a258.3
_bا ب ن ل
100 1 _aابن اللباد، محمد بن محمد بن وشاح،
_d250-333 هجري
_eمؤلف.
245 1 0 _aكتاب الرد على الشافعي /
_cأبو بكر محمد بن اللباد القيرواني ؛ تحقيق وتقديم عبد المجيد بن حمدة.
246 3 0 _aالرد على الشافعي
250 _aالطبعة الأولى.
264 1 _aتونس :
_bدار العرب للطباعة،
_c1986
300 _a126 صفحة ؛
_c24 سم.
336 _aنص
_btxt
_2rdacontent
_3كتاب
337 _aبدون وسيط
_bn
_2rdamedia
338 _aمجلد
_bnc
_2rdacarrier
490 0 _aمن نوادر المخطوطات
504 _aيشتمل على إرجاعات ببليوجرافية.
504 _aببليوجرافية : صفحة 122-124.
590 _aالفكي.
600 1 7 _aالإمام الشافعي، محمد بن إدريس بن العباس،
_d150-204 هجري
_2aucnm
650 7 _aالفقه الشافعي
_2aucsh
650 7 _aالفقه الإسلامي
_xمذاهب
_2aucsh
700 1 _aبن حمدة، عبد المجيد
_eمحقق.
942 _2ddc
_cBOOK
949 _aSA-JeALM
_d240918
_umohamedma123
_n1
999 _c429
_d429